000 00629nam a2200253Ia 4500
003 OSt
005 20220918195855.0
006 a|||||r|||| 00| 0
007 ta
008 220917b |||||||| |||| 00| 0 eng d
024 _a86,602
037 _cTextual
040 _aARTS
_cARTS
_beng
041 _2eng
_aeng
082 _aT:3,1, L7
110 _aUnesco
245 0 _aMedia studies in education
260 _aParis
_bUnesco
_c1977
490 _aReports and papers on mass communications; 80
650 _aEDUCATION
700 _aUnesco
942 _hT:3,1, L7
_cTEXL
_2CC
999 _c210299
_d210299